【サドンデス】4分の3を当て続けよう - Statistics

General Stats
  • This quiz has been taken 738 times
  • The average score is 4 of 36
Answers on the Grid
Answers color-coded by a green-red scale on the quiz's grid according to % correct below.
.
.
.
.
.
.
.
.
.
.
.
.
.
.
.
.
.
.
.
.
.
.
.
.
.
.
.
.
.
.
.
.
.
.
.
.
.
.
.
.
.
.
.
.
.
.
.
.
 
Answer Stats
Answer % Correct
.
15%
.
15%
.
14%
.
14%
.
13%
.
13%
.
12%
.
12%
.
12%
.
12%
.
12%
.
11%
.
11%
.
11%
.
11%
.
11%
.
11%
.
11%
.
11%
.
10%
.
10%
.
10%
.
10%
.
10%
.
10%
.
9%
.
9%
.
9%
.
9%
.
9%
.
9%
.
9%
.
9%
.
8%
.
8%
.
8%
No matching quizzes found
Score Distribution
Percent of People with Each Score
Percentile by Number Answered
Your Score History
You have not taken this quiz